les 17 régionales de Louvain-la-Neuve - Statistiques

Statistiques générales
  • Ce quiz a été pris 52 fois
  • Le résultat moyen est 12 sur 17
Statistiques - réponses
Hint Réponse % Correct
5 Carolo
91%
12 Lux
88%
1 Athoise
85%
4 BW
85%
14 Montoise
85%
16 Namuroise
85%
7 Centrale
79%
17 Tournaisienne
76%
13 Marchoise
70%
2 Binchoise
67%
6 Chimay
64%
15 Mouscron
64%
9 Eumavia
61%
8 Enghiennoise
58%
10 GD
58%
3 BX
55%
11 Lig
55%
Aucun quiz correspondant
Distribution des résultats
% des personnes avec chaque résultat
Percentile par nombre de réponses
Votre historique - résultats
Vous n’avez pas pris ce quiz